=LDR 00000nam 2200000 4500 =001 NUTBA000000000003018 =005 20140716110418.0 =006 =007 =008 =020 ##$$a 978-602-9085-46-4 =035 ##$$a 0010-071400000000206 =040 ##$$a NBPDMAT =082 ##$$a 512.13 =090 ##$$a 512.13 $b Ist p =100 ##$$a Isti Karnikasari =245 ##$$a Pengayaan matematika trigonometri : $b Menggali lebih dalam ilmu ukur segitiga / $c penulis Isti karnikasari =250 ##$$a Cet.1 =260 ##$$a Jakarta : $b Pustaka Al Shifari, $c 2015 =300 ##$$a 74 hlm. : $b ilus. ; $c 25 cm. =500 ##$$a Bibliografi : hlm. 69 - 74 =650 ##$$a Trigonometri =850 ##$$a NBPDMAT =990 ##$$a 21405287 =990 ##$$a 0001/BPAP-NTB/20142014 =990 ##$$a 0001/BPAP-NTB/20142014 =990 ##$$a 0001/BPAP-NTB/20142014